000 00309nam a2200121Ia 4500
008 240731s9999 xx 000 0 und d
022 _a1554-4818
245 0 _aPedagogies: An International Journal
260 _bRoutledge
856 _uhttps://www.tandfonline.com/loi/hped20
942 _2ddc
942 _cTFEJ
999 _c78883
_d78883
945 _a1
_bMadushi Gamage
_c1
_dMadushi Gamage